Морфология дельфинов / (Record no. 42158)
[ view plain ]
| 000 -LEADER | |
|---|---|
| fixed length control field | 01076nam a2200253 a 4500 |
| 001 - CONTROL NUMBER | |
| control field | 000126785 |
| 003 - CONTROL NUMBER IDENTIFIER | |
| control field | AM-YEHGA |
| 005 - DATE AND TIME OF LATEST TRANSACTION | |
| control field | 20250617122649.0 |
| 008 - FIXED-LENGTH DATA ELEMENTS--GENERAL INFORMATION | |
| fixed length control field | 990417s1974 unr||||gr|||||||||0| |d |
| 020 ## - INTERNATIONAL STANDARD BOOK NUMBER | |
| Terms of availability | |
| 040 ## - CATALOGING SOURCE | |
| Original cataloging agency | AM-YeHGA |
| 041 0# - LANGUAGE CODE | |
| Language code of text/sound track or separate title | rus |
| 090 ## - LOCALLY ASSIGNED LC-TYPE CALL NUMBER (OCLC); LOCAL CALL NUMBER (RLIN) | |
| -- | 42839 |
| 100 1# - MAIN ENTRY--PERSONAL NAME | |
| Personal name | Агарков, Георгий Борисович |
| 245 10 - TITLE STATEMENT | |
| Title | Морфология дельфинов / |
| Statement of responsibility, etc. | Г.Б. Агарков, Б.Г. Хоменко, В.Г. Хаджинский ; Под общ. ред. Г.Б. Агаркова ; АН Украинской ССР, Ин-т зоологии |
| 260 ## - PUBLICATION, DISTRIBUTION, ETC. | |
| Place of publication, distribution, etc. | Киев : |
| Name of publisher, distributor, etc. | Наукова думка, |
| Date of publication, distribution, etc. | 1974. |
| 300 ## - PHYSICAL DESCRIPTION | |
| Extent | 168 с. |
| 650 14 - SUBJECT ADDED ENTRY--TOPICAL TERM | |
| Topical term or geographic name entry element | Млекопитающие или звери. Мамалиология |
| 700 1# - ADDED ENTRY--PERSONAL NAME | |
| Personal name | Хоменко, Борис Григорьевич |
| 700 1# - ADDED ENTRY--PERSONAL NAME | |
| Personal name | Хаджинский, Валерий Григорьевич |
| 700 1# - ADDED ENTRY--PERSONAL NAME | |
| Personal name | Агарков, Георгий Борисович |
| Relator term | ред. |
| Relationship | edt |
| 710 2# - ADDED ENTRY--CORPORATE NAME | |
| Corporate name or jurisdiction name as entry element | Институт зоологии АН Украинской ССР |
| 942 ## - ADDED ENTRY ELEMENTS (KOHA) | |
| Source of classification or shelving scheme | Universal Decimal Classification |
| Koha item type | Գրքեր / Books |
| Withdrawn status | Lost status | Source of classification or shelving scheme | Damaged status | Not for loan | Collection | Home library | Current library | Date acquired | Total checkouts | Full call number | Barcode | Date last seen | Price effective from | Koha item type | Public note |
|---|---|---|---|---|---|---|---|---|---|---|---|---|---|---|---|
| Universal Decimal Classification | General | Fundamental Scientific Library | Fundamental Scientific Library | 21/12/2016 | PII/340441 | FL0277088 | 21/12/2016 | 21/12/2016 | Գրքեր / Books | 30 Days Loan | |||||
| Universal Decimal Classification | General | Fundamental Scientific Library | Fundamental Scientific Library | 21/12/2016 | PII/342814 | FL0283114 | 21/12/2016 | 21/12/2016 | Գրքեր / Books | 30 Days Loan |
ՀՀ Գիտությունների ազգային ակադեմիայի հիմնարար գիտական գրադարան = Fundamental Scientific Library of NAS RA
All site content, except where otherwise noted, is licensed under a